000 00579nam a2200229Ia 4500
003 OSt
005 20220924150721.0
006 a|||||r|||| 00| 0
007 ta
008 220923b |||||||| |||| 00| 0 ara d
024 _a334318
037 _cTextual
040 _aARTS
_cARTS
_bara
041 _2ara
_aara
082 _aO111,1:g, 28L7
100 _aAbdul Tr.
_9222771
245 0 _aMausuatul mastalahul naqadi
260 _c1977
650 _aENGLISH POETRY
_931408
942 _hO111,1:g, 28L7
_cTEXL
_2CC
999 _c464288
_d464288